| Tag |
First Indicator |
Second Indicator |
Subfields |
| LEADER |
00000cam a2200000 4500 |
| 001 |
in00000094562 |
| 005 |
20150927110506.0 |
| 008 |
720721s1968 miu 00100beng |
| 010 |
|
|
|a 67023876
|
| 035 |
|
|
|a (OCoLC)00362118
|
| 035 |
|
|
|9 AAL6431AM
|
| 040 |
|
|
|c WSU
|d OCL
|d TXA
|d UtOrBLW
|
| 049 |
|
|
|a TXAM
|c [1405378]
|
| 050 |
0 |
0 |
|a PR5136
|b .B4 1968
|
| 100 |
1 |
|
|a Benson, Arthur Christopher,
|d 1862-1925.
|
| 245 |
1 |
0 |
|a Walter Pater /
|c London, Macmillan, 1906.
|
| 264 |
|
1 |
|a Detroit :
|b Gale Research Co.,
|c 1968.
|
| 300 |
|
|
|a vii, 226 pages ;
|c 23 cm.
|
| 336 |
|
|
|a text
|b txt
|2 rdacontent
|
| 337 |
|
|
|a unmediated
|b n
|2 rdamedia
|
| 338 |
|
|
|a volume
|b nc
|2 rdacarrier
|
| 490 |
1 |
|
|a The Gale library of lives and letters. British writers series
|
| 600 |
1 |
0 |
|a Pater, Walter,
|d 1839-1894.
|
| 830 |
|
0 |
|a Gale Library of lives and letters.
|p British writers series.
|
| 999 |
|
|
|a MARS
|
| 999 |
f |
f |
|s 17c99272-b32c-382a-8c36-f953c37e4b9e
|i cee0a8c5-49de-382d-96ac-d48303df60f6
|t 0
|
| 952 |
f |
f |
|p normal
|a Texas A&M University
|b College Station
|c Sterling C. Evans Library
|d Evans: Library Stacks
|t 0
|e PR5136 .B4 1968
|h Library of Congress classification
|i unmediated -- volume
|m A14803968474
|
| 998 |
f |
f |
|a PR5136 .B4 1968
|t 0
|l Evans: Library Stacks
|